| 000 | 006770000a22002050004500 | ||
|---|---|---|---|
| 005 | 20180803170104.0 | ||
| 008 | 170206b xxu||||| |||| 00| 0 spa d | ||
| 040 |
_aCO-BoIAVH _cCO-BoIAVH |
||
| 041 | _aspa | ||
| 090 |
_aMM _b00138 |
||
| 110 | 1 |
_lArgentina _aSecretaría de Ambiente y Desarrollo Sustentable _978806 |
|
| 245 | 1 | 0 |
_aSecretaría de Ambiente y Desarrollo Sustentable de Argentina: _bestructura organizativa, programas, legislación |
| 257 | _aArgentina | ||
| 264 | _aArgentina | ||
| 300 |
_bCD-ROM _a1 |
||
| 650 | 1 | 4 |
_aOrganizaciones gubernamentales _96772 |
| 650 | 1 | 4 |
_aProyectos ambientales _978807 |
| 650 | 1 | 4 |
_aPolítica ambiental _992286 |
| 942 |
_cCD-ROM _2z |
||
| 999 |
_c16514 _d16514 |
||